000 00738nab a2200229u 4500
001 17842
003 HDC
007 c| |||a|c|aaaa
008 210224b20140616my ||||| |||| 00| 0 may d
040 _aHDC
245 0 _aTiada aduan bekalan daging tak halal
336 _atext
_2rdacontent
337 _acomputer
_2rdamedia
338 _aonline resource
_2rdacarrier
650 _aJabatan Perkhidmatan Veterinar Negeri (JPV)
_917022
650 _anon halal meat
_915596
710 _aBERITA HARIAN
856 _zRequest full-text at [email protected]
942 _2lcc
942 _cNEWS
942 _kNWSC 005031
999 _c15158
_d15158